[Event "Miguel Najdorf Memorial 2009"]
[Site "Warsovia POL"]
[Date "2009.07.24"]
[Round "7.3"]
[White "Aleksandrov, Aleksej"]
[Black "Olszewski, Michal"]
[Result "1-0"]
[WhiteElo "2616"]
[BlackElo "2559"]
[PlyCount "71"]
[EventDate "2009.07.18"]
[EventType "tourn"]
[EventRounds "9"]
[EventCountry "POL"]
[Source "lmi"]
[SourceDate "2009.07.18"]

1. d4 Nf6 2. c4 g6 3. Nc3 d5 4. Qa4+ Bd7 5. Qb3 dxc4 6. Qxc4 Bg7 7. e4 O-O 8.
e5 Ne8 9. h4 c5 10. Qxc5 Nc6 11. Be3 Nc7 12. Rd1 Rc8 13. h5 a5 14. hxg6 hxg6
15. a3 b5 16. Nf3 b4 17. Nd5 bxa3 18. bxa3 Bg4 19. Nf4 Ne6 20. Nxe6 fxe6 21.
Ba6 Rc7 22. Be2 Nb4 23. Qxa5 Nc2+ 24. Kf1 Qb8 25. Bh6 Bf5 26. Qd2 Qb3 27. Bxg7
Kxg7 28. Kg1 Nxa3 29. Qg5 Nb1 30. Re1 Nc3 31. Bf1 Nd5 32. Ra1 Qb7 33. Qh6+ Kf7
34. Ng5+ Ke8 35. Qg7 Rc8 36. Nh7 1-0

[Event "Miguel Najdorf Memorial 2009"]
[Site "Warsovia POL"]
[Date "2009.07.24"]
[Round "7.4"]
[White "Socko, Bartosz"]
[Black "Rozentalis, Eduardas"]
[Result "1/2-1/2"]
[WhiteElo "2656"]
[BlackElo "2588"]
[PlyCount "39"]
[EventDate "2009.07.18"]
[EventType "tourn"]
[EventRounds "9"]
[EventCountry "POL"]
[Source "lmi"]
[SourceDate "2009.07.18"]

1. e4 e6 2. d4 d5 3. Nc3 dxe4 4. Nxe4 Bd7 5. Nf3 Bc6 6. Bd3 Nd7 7. Qe2 Bxe4 8.
Bxe4 c6 9. Bd2 Ngf6 10. Bd3 Qc7 11. c4 Bd6 12. O-O O-O 13. Bc3 Rfe8 14. Rfe1 a6
15. Rac1 Rad8 16. g3 Bf8 17. Qd2 c5 18. Qc2 cxd4 19. Nxd4 g6 20. Rcd1 1/2-1/2

[Event "Miguel Najdorf Memorial 2009"]
[Site "Warsovia POL"]
[Date "2009.07.25"]
[Round "8.1"]
[White "Macieja, Bartlomiej"]
[Black "Wojtaszek, Radoslaw"]
[Result "1/2-1/2"]
[WhiteElo "2612"]
[BlackElo "2637"]
[PlyCount "155"]
[EventDate "2009.07.18"]
[EventType "tourn"]
[EventRounds "9"]
[EventCountry "POL"]
[Source "lmi"]
[SourceDate "2009.07.18"]

1. Nf3 Nf6 2. c4 c6 3. Nc3 d5 4. e3 a6 5. Qc2 g6 6. d4 Bg7 7. Bd3 O-O 8. O-O
Bg4 9. Ne5 Be6 10. c5 Nfd7 11. Nxd7 Nxd7 12. Bd2 f5 13. b4 Bf7 14. Ne2 e5 15.
dxe5 Nxe5 16. Bc3 Qh4 17. Bd4 Nd7 18. Qc3 Bxd4 19. Qxd4 Qxd4 20. exd4 Nf6 21.
a4 Ne4 22. Ra2 Be8 23. f3 Ng5 24. Nf4 Bd7 25. Rfa1 Ne6 26. Nxe6 Bxe6 27. b5
axb5 28. axb5 Rxa2 29. Rxa2 cxb5 30. Bxb5 f4 31. Kf2 Kg7 32. Ra7 Rf7 33. Ke1 g5
34. Kd2 h5 35. Be8 Re7 36. Bxh5 Kf6 37. h3 Bf5 38. Bg4 Bg6 39. Ra8 Re3 40. Rd8
Rd3+ 41. Ke1 Rxd4 42. Rd6+ Kg7 43. Rd7+ Kf6 44. Rd6+ Kg7 45. Rd7+ Kf6 46. Rxb7
Bf5 47. Rb6+ Ke5 48. Rb8 Bxg4 49. hxg4 Rc4 50. Rf8 Rxc5 51. Rf5+ Kd4 52. Rxg5
Rc2 53. Kf1 Ke3 54. Re5+ Kd4 55. Re7 Kd3 56. g5 d4 57. g3 Rc1+ 58. Kg2 Rc2+ 59.
Kh3 Re2 60. Rxe2 Kxe2 61. g6 d3 62. g7 d2 63. g8=Q d1=Q 64. Qc4+ Kf2 65. Qxf4
Qd7+ 66. Kh2 Qh7+ 67. Qh4 Qc2 68. Qh5 Qc1 69. Qg6 Qg1+ 70. Kh3 Qh1+ 71. Kg4
Qxf3+ 72. Kh4 Qh1+ 73. Kg5 Kxg3 74. Qd6+ Kf2 75. Qd2+ Kg1 76. Qe3+ Kh2 77. Qf4+
Kg1 78. Qc1+ 1/2-1/2

[Event "Miguel Najdorf Memorial 2009"]
[Site "Warsovia POL"]
[Date "2009.07.25"]
[Round "8.2"]
[White "Rozentalis, Eduardas"]
[Black "Krasenkow, Michal"]
[Result "1-0"]
[WhiteElo "2588"]
[BlackElo "2631"]
[PlyCount "79"]
[EventDate "2009.07.18"]
[EventType "tourn"]
[EventRounds "9"]
[EventCountry "POL"]
[Source "lmi"]
[SourceDate "2009.07.18"]

1. e4 Nf6 2. e5 Nd5 3. d4 d6 4. c4 Nb6 5. exd6 exd6 6. h3 Nc6 7. Nc3 Be7 8. Nf3
O-O 9. Be2 Bf5 10. O-O Bf6 11. Be3 d5 12. c5 Nc4 13. Bc1 b6 14. b3 N4a5 15.
cxb6 axb6 16. Bf4 Nb4 17. Qd2 Re8 18. Rac1 Rc8 19. Rfd1 c5 20. Nb5 Rc6 21. Bf1
Re7 22. Be5 Be4 23. Bxf6 Rxf6 24. Ng5 Rc6 25. dxc5 bxc5 26. Nc3 Qf8 27. f3 Bg6
28. Nxd5 Rd7 29. Nf6+ gxf6 30. Qxd7 fxg5 31. Qa7 Bc2 32. Re1 Qd8 33. Qe7 Qxe7
34. Rxe7 Rc8 35. Bb5 Kf8 36. Re5 f6 37. Re6 Kf7 38. Rb6 Kg7 39. Ba4 Bd3 40.
Rxb4 1-0

[Event "Miguel Najdorf Memorial 2009"]
[Site "Warsovia POL"]
[Date "2009.07.25"]
[Round "8.3"]
[White "Olszewski, Michal"]
[Black "Socko, Bartosz"]
[Result "1/2-1/2"]
[WhiteElo "2559"]
[BlackElo "2656"]
[PlyCount "108"]
[EventDate "2009.07.18"]
[EventType "tourn"]
[EventRounds "9"]
[EventCountry "POL"]
[Source "lmi"]
[SourceDate "2009.07.18"]

1. d4 Nf6 2. c4 e6 3. Nf3 d5 4. Nc3 c5 5. e3 Nc6 6. a3 dxc4 7. Bxc4 a6 8. dxc5
Qxd1+ 9. Kxd1 Bxc5 10. Ke2 b5 11. Bd3 Bb7 12. b4 Be7 13. Bb2 O-O 14. Rhd1 Rfd8
15. Rac1 Nd7 16. Nb1 Nb6 17. Nbd2 f6 18. g4 Rac8 19. h4 h6 20. g5 hxg5 21. hxg5
fxg5 22. Rg1 Na4 23. Ba1 g4 24. Rxg4 Nd4+ 25. Bxd4 Rxc1 26. Rxg7+ Kf8 27. Bh7
Bxf3+ 28. Nxf3 Nc3+ 29. Bxc3 Rxc3 30. Rg8+ Kf7 31. Ne5+ Kf6 32. Ng4+ Kf7 33.
Nh6+ Kf6 34. Rg6+ Ke5 35. Nf7+ Kd5 36. Nxd8 Bxd8 37. Bg8 Rc6 38. Kd3 Rd6 39. f4
a5 40. e4+ Kc6+ 41. Kc3 axb4+ 42. axb4 Kd7 43. Rh6 Rc6+ 44. Kb3 Bc7 45. e5 Bb6
46. Rh7+ Kd8 47. Rh3 Ke7 48. Rd3 Bg1 49. Rh3 Bf2 50. Bh7 Rc4 51. Bd3 Rxf4 52.
Bxb5 Rf5 53. Rh7+ Kd8 54. Rd7+ Kc8 1/2-1/2

[Event "Miguel Najdorf Memorial 2009"]
[Site "Warsovia POL"]
[Date "2009.07.25"]
[Round "8.5"]
[White "Nyback, Tomi"]
[Black "Abasov, Nijat Azad"]
[Result "1/2-1/2"]
[WhiteElo "2627"]
[BlackElo "2505"]
[PlyCount "57"]
[EventDate "2009.07.18"]
[EventType "tourn"]
[EventRounds "9"]
[EventCountry "POL"]
[Source "lmi"]
[SourceDate "2009.07.18"]

1. d4 Nf6 2. c4 e6 3. Nf3 b6 4. g3 Bb7 5. Bg2 Be7 6. O-O O-O 7. d5 exd5 8. Nh4
c6 9. cxd5 Nxd5 10. Nf5 Nc7 11. e4 d5 12. Nc3 Bf6 13. exd5 Nxd5 14. Nxd5 cxd5
15. Bf4 Nc6 16. Bxd5 Na5 17. Bxb7 Qxd1 18. Raxd1 Nxb7 19. b4 Nd8 20. Rd7 Ne6
21. Be3 Rfd8 22. Rb7 Rdb8 23. Ne7+ Bxe7 24. Rxe7 Kf8 25. Rd7 Ke8 26. Rd2 Rd8
27. Rb2 Rd3 28. Rc1 b5 29. a4 1/2-1/2

[Event "Miguel Najdorf Memorial 2009"]
[Site "Warsovia POL"]
[Date "2009.07.26"]
[Round "9.2"]
[White "Aleksandrov, Aleksej"]
[Black "Nyback, Tomi"]
[Result "1/2-1/2"]
[WhiteElo "2616"]
[BlackElo "2627"]
[PlyCount "144"]
[EventDate "2009.07.18"]
[EventType "tourn"]
[EventRounds "9"]
[EventCountry "POL"]
[Source "lmi"]
[SourceDate "2009.07.18"]

1. d4 d5 2. c4 c6 3. Nf3 Nf6 4. e3 Bg4 5. Qb3 Qb6 6. Nc3 e6 7. Nh4 Bh5 8. h3
Bg6 9. Nxg6 hxg6 10. Bd2 Nbd7 11. Qc2 Qc7 12. Bd3 Be7 13. Rc1 Rc8 14. O-O O-O
15. a3 dxc4 16. Bxc4 c5 17. dxc5 Nxc5 18. Rfd1 a6 19. Be1 b5 20. Be2 Qb6 21.
Na2 Qb8 22. Qb1 Qb6 23. Bf3 Ncd7 24. Bc3 a5 25. b4 axb4 26. Nxb4 Bc5 27. Qb2
Rc7 28. Nd3 Bd6 29. e4 Be7 30. Bd4 Nc5 31. e5 Nfd7 32. Nb4 Rfc8 33. Qe2 Qa5 34.
Qe3 Nb6 35. Nc6 Rxc6 36. Bxc6 Nc4 37. Qf3 Nb3 38. Qxb3 Rxc6 39. Bc3 Qa6 40. Bb4
Bg5 41. Rc2 Nxe5 42. Re2 Nc4 43. g3 Bf6 44. h4 Nb6 45. h5 gxh5 46. Qf3 Qc8 47.
Qxh5 Nd5 48. Kg2 Rc1 49. Rxc1 Qxc1 50. Re1 Qc2 51. Qe2 Qxe2 52. Rxe2 Nxb4 53.
axb4 Bc3 54. Re4 Kf8 55. g4 Ke7 56. Kf3 Kd6 57. g5 f5 58. Rh4 e5 59. Ke3 e4 60.
Rh7 Ke6 61. Rh8 Bxb4 62. Rb8 Bc5+ 63. Ke2 b4 64. Rb7 Be7 65. f3 exf3+ 66. Kxf3
g6 67. Ke2 Bxg5 68. Rxb4 Be7 69. Ra4 g5 70. Kf3 Bd6 71. Rc4 Kd5 72. Ra4 Bc5
1/2-1/2

[Event "Miguel Najdorf Memorial 2009"]
[Site "Warsovia POL"]
[Date "2009.07.26"]
[Round "9.3"]
[White "Socko, Bartosz"]
[Black "Sasikiran, Krishnan"]
[Result "1/2-1/2"]
[WhiteElo "2656"]
[BlackElo "2669"]
[PlyCount "21"]
[EventDate "2009.07.18"]
[EventType "tourn"]
[EventRounds "9"]
[EventCountry "POL"]
[Source "lmi"]
[SourceDate "2009.07.18"]

1. e4 c5 2. Nf3 d6 3. d4 cxd4 4. Nxd4 Nf6 5. f3 e5 6. Bb5+ Bd7 7. Bxd7+ Nbxd7
8. Nf5 d5 9. exd5 Nb6 10. Bg5 Qd7 11. Bxf6 1/2-1/2

[Event "Miguel Najdorf Memorial 2009"]
[Site "Warsovia POL"]
[Date "2009.07.26"]
[Round "9.4"]
[White "Krasenkow, Michal"]
[Black "Olszewski, Michal"]
[Result "1/2-1/2"]
[WhiteElo "2631"]
[BlackElo "2559"]
[PlyCount "74"]
[EventDate "2009.07.18"]
[EventType "tourn"]
[EventRounds "9"]
[EventCountry "POL"]
[Source "lmi"]
[SourceDate "2009.07.18"]

1. d4 Nf6 2. c4 e6 3. Nf3 d5 4. e3 Be7 5. a3 O-O 6. b4 c6 7. Bb2 a5 8. c5 b6 9.
Nbd2 Ba6 10. Bxa6 Rxa6 11. O-O Qc8 12. Ne5 Nbd7 13. f4 axb4 14. axb4 Rxa1 15.
Bxa1 Qb7 16. Qf3 Ra8 17. b5 Nb8 18. bxc6 Nxc6 19. Rb1 Nxe5 20. fxe5 Nd7 21. Nc4
f5 22. exf6 Bxf6 23. Bc3 Qa6 24. Nxb6 Nxb6 25. Rxb6 Qd3 26. Rxe6 Qxc3 27. h3
Bh4 28. Kh2 Qe1 29. Re7 Rf8 30. Qxd5+ Kh8 31. Qe5 Bxe7 32. Qxe7 Qf2 33. d5 h5
34. c6 h4 35. c7 Qg3+ 36. Kg1 Qe1+ 37. Kh2 Qg3+ 1/2-1/2